Neutron and X-ray spectroscopy / (Record no. 443)

000 -LEADER
fixed length control field 00670nam a22002417a 4500
001 - CONTROL NUMBER
control field 443
003 - CONTROL NUMBER IDENTIFIER
control field BD-DhUET
008 - FIXED-LENGTH DATA ELEMENTS--GENERAL INFORMATION
fixed length control field 070901s2006 ne a b 001 0 eng
020 ## - INTERNATIONAL STANDARD BOOK NUMBER
International Standard Book Number 1402033362
040 ## - CATALOGING SOURCE
Original cataloging agency UKM
Transcribing agency UKM
Modifying agency BD-DhUET
082 04 - DEWEY DECIMAL CLASSIFICATION NUMBER
Classification number 539.7213
Item number HIP/2006
245 00 - TITLE STATEMENT
Title Neutron and X-ray spectroscopy /
Statement of responsibility, etc. edited by Françoise Hippert ... [et al.].
250 ## - EDITION STATEMENT
Edition statement Ist ed.
260 ## - PUBLICATION, DISTRIBUTION, ETC. (IMPRINT)
Place of publication, distribution, etc. Dordrecht :
Name of publisher, distributor, etc. Springer,
Date of publication, distribution, etc. 2006.
300 ## - PHYSICAL DESCRIPTION
Extent 566 p. :
Other physical details ill., ;
Dimensions 25 cm.
504 ## - BIBLIOGRAPHY, ETC. NOTE
Bibliography, etc Includes bibliographies.
650 #0 - SUBJECT ADDED ENTRY--TOPICAL TERM
Topical term or geographic name as entry element X-ray spectroscopy.
700 1# - ADDED ENTRY--PERSONAL NAME
Personal name Hippert, F.
700 ## - ADDED ENTRY--PERSONAL NAME
Personal name Geissler, Erik
700 ## - ADDED ENTRY--PERSONAL NAME
Personal name Hodeau, Jean Lois
700 ## - ADDED ENTRY--PERSONAL NAME
Personal name Lelievre-Berna, Eddy
942 ## - ADDED ENTRY ELEMENTS (KOHA)
Koha item type Edited Book
Holdings
Koha full call number Koha item type Source of classification or shelving scheme Sublocation or collection (holding branch) Koha normalized classification for sorting Location (home branch) Not for loan Koha date last seen Copy number Piece designation (barcode) Withdrawn status Price effective from Shelving location Damaged status Lost status Date acquired
539.7213/HIP/2006Edited Book Central Library, BUET539_000000000000000_7213HIP200Central Library, BUET 2014-07-211110484 2014-07-21Circulation section  2014-07-21
539.7213/HIP/2006Edited Book Central Library, BUET539_000000000000000_7213HIP200Central Library, BUET 2014-07-212110485 2014-07-21Circulation section  2014-07-21